00711cam a2200193 i 450008200160000024500810001626000390009730000270013649000410016350000600020450000580026465000140032265000190033670000240035570000240037994200070040399900150041095200920042500a658.404 GUI10aGuidelines for contracting for industrial projects in developing countries / aNew York :bUnited Nations,c1975. avii, 178 p. :bforms ;1 a[Document] - United Nations ; ID/149 a"Prepared by Friedrich Giersig and Stuart R. Matthews." a"United Nations publication. Sales no.: E.75.II.B.3." 0aContracts 0aJoint ventures1 aGiersig, Friedrich.1 aMatthews, Stuart R. cBK c3701d3701 0010708NFICaICbICcGENd2016-11-05l0o658.404 GUIp001157r2022-11-17 00:00:00yBK